Statistics for All Number 1 Seeds: NBA

Click here to take the quiz!

General Stats

  • This quiz has been taken 44 times
    (37 since last reset)
  • The average score is 30 of 35

Answer Stats

YearRecordConferenceTeam% Correct
202464-18EastBoston Celtics
100%
200866-16EastBoston Celtics
100%
201767-15WestGolden State Warriors
100%
201673-9WestGolden State Warriors
100%
201567-15WestGolden State Warriors
100%
202358-24EastMilwaukee Bucks
100%
202056-17EastMilwaukee Bucks
100%
201960-22EastMilwaukee Bucks
100%
201865-17WestHouston Rockets
94%
200067-15WestLos Angeles Lakers
94%
199063-19WestLos Angeles Lakers
94%
201366-16EastMiami Heat
88%
200360-22WestSan Antonio Spurs
88%
199562-20WestSan Antonio Spurs
88%
199937-13WestSan Antonio Spurs
88%
200158-24WestSan Antonio Spurs
88%
201462-20WestSan Antonio Spurs
88%
202152-20WestUtah Jazz
88%
199862-20WestUtah Jazz
88%
199267-15EastChicago Bulls
81%
201162-20EastChicago Bulls
81%
199672-10EastChicago Bulls
81%
199769-13EastChicago Bulls
81%
201250-16EastChicago Bulls
81%
201061-21EastCleveland Cavaliers
81%
200966-16EastCleveland Cavaliers
81%
200767-15WestDallas Mavericks
81%
200664-18EastDetroit Pistons
81%
202264-18WestPhoenix Suns
75%
200562-20WestPhoenix Suns
75%
199362-20WestPhoenix Suns
75%
200261-21WestSacramento Kings
75%
200461-21EastIndiana Pacers
63%
199463-19WestSeattle Supersonics
56%
199163-19WestPortland Trailblazers
50%

Score Distribution

Percentile by Number Answered

Percent of People with Each Score

Your Score History

You have not taken this quiz since the last reset